Peace of mind /

Bibliographic Details
Main Author: Liebman, Joshua Loth, 1907-1948
Format: Book
Language:English
Published: New York : Simon and Schuster, [1946]
Series:[Jewish Institute of religion, New York. Charles W. Eliot lectures]
Subjects:

MARC

Tag First Indicator Second Indicator Subfields
LEADER 00000cam a22000001 4500
001 in00000060858
005 20151008051042.0
008 730208s1946 nyu 00010 eng
010 |a  46025090  
035 |a (OCoLC)00223890 
035 |9 AAG5323AM 
040 |a DLC  |c DLC  |d TXA  |d UtOrBLW 
049 |a TXAM  |c 2 [139848] 
050 0 0 |a BF636  |b .L47 
082 0 |a 150.13 
090 |a BF636  |b .L47 1946 
092 |a 150.13  |b L716p 
100 1 |a Liebman, Joshua Loth,  |d 1907-1948. 
245 1 0 |a Peace of mind /  |c by Joshua Loth Liebman. 
264 1 |a New York :  |b Simon and Schuster,  |c [1946] 
300 |a xiv, 203 pages, 1 leaf ;  |c 21 cm. 
336 |a text  |b txt  |2 rdacontent 
337 |a unmediated  |b n  |2 rdamedia 
338 |a volume  |b nc  |2 rdacarrier 
490 0 |a [Jewish Institute of religion, New York. Charles W. Eliot lectures] 
500 |a Sequel: Hope for man. 
650 0 |a Psychology, Applied. 
999 |a MARS 
999 f f |s 4111c4c1-0ee0-39da-86d3-3a665f637589  |i 02d8d787-637a-356a-a833-c9455a8b215a  |t 0 
952 f f |p ric  |a Texas A&M University  |b Rellis Campus  |c Joint Library Facility  |d Remote Storage  |t 0  |e BF636 .L47 1946  |h Library of Congress classification  |i unmediated -- volume  |m A14800522669 
998 f f |a BF636 .L47 1946  |t 0  |l Remote Storage